| 000 | 01685nam0a2200349 4500 | ||
|---|---|---|---|
| 001 | RU\NLR\BIBL_A\012144495 | ||
| 005 | 20191217165003.0 | ||
| 010 | _a978-5-9965-0423-7 | ||
| 021 |
_aRU _bКН-П-19-077193 _9КН-П-19-5580 |
||
| 035 | _a(NLR Aleph) 012144495 | ||
| 035 | _a(RuMoRGB)010119290 | ||
| 090 |
_a12114734 _c12114734 |
||
| 100 | _a20191122d2019 k y0rusy50 ca | ||
| 101 | 0 | _aeng | |
| 102 | _aRU | ||
| 105 | _aab z 000zy | ||
| 200 | 1 |
_aStratigraphy and palaeoenvironments of microfauna from the Pliocene Productive and red series in the South Caspian Basin _fA. T. Javadova _g[Azerbaijan society of petroleum geologist] |
|
| 210 |
_aSaint-Petersburg _cSUPER _d2019 |
||
| 215 |
_a102 с. _cил., карты _d21 |
||
| 320 | _aБиблиогр.: с. 91-101 | ||
| 541 | 1 | _aСтратиграфия и палеосреда микрофауны продуктивной и красной серии плиоцена в Южно-Каспийском бассейне | |
| 606 | 1 |
_aПлиоценовые отложения _xСтратиграфия _yЮжно-Каспийский бассейн _2nlr_sh2 _3RU\NLR\AUTH\6601665982 |
|
| 606 | 1 |
_aПлиоцен _xПалеогеография _yЮжно-Каспийский бассейн _2nlr_sh2 _3RU\NLR\AUTH\6601665984 |
|
| 606 | 1 |
_aМикрофауна плиоценовых отложений _yЮжно-Каспийский бассейн _2nlr_sh2 _3RU\NLR\AUTH\6601665985 |
|
| 686 | 1 | _aД432.712.2-9(27) | |
| 686 | 1 | _aД432.712.2-09(27) | |
| 686 | 1 | _aЕ146(27) | |
| 700 | 1 |
_aJavadova _bA. T. _gArzu T. |
|
| 942 | _cBOOK | ||
| 980 | _aNB | ||